[Event "Zweibruecken PSB-ch HT4 82nd"]
[Site "Zweibruecken"]
[Date "2013.03.29"]
[Round "5"]
[White "Reimer, Karl"]
[Black "Karolewski, Klaus Dieter"]
[Result "1-0"]
[WhiteElo "1583"]
[BlackElo "1222"]
[PlyCount "73"]
[EventDate "2013.??.??"]
[EventType "swiss"]
[EventRounds "7"]
[EventCountry "GER"]
[SourceTitle "EXT 2014"]
[Source "ChessBase"]
[SourceDate "2013.11.20"]
[SourceVersion "1"]
[SourceVersionDate "2013.11.20"]
[SourceQuality "1"]

1. b4 e5 2. Bb2 d6 3. c4 Nf6 4. Nc3 b6 5. e3 Be6 6. Be2 Be7 7. Nf3 h6 8. d4 0-0 9. dxe5 Nfd7 10. exd6 Bxd6 11. a3 Nf6 12. Qc2 Nbd7 13. Rd1 a6 14. 0-0 Qe8 15. Ne4 Nxe4 16. Qxe4 f5 17. Qc2 Bf7 18. Qxf5 Bg6 19. Qd5+ Bf7 20. Qd2 Rd8 21. Qc2 Bg6 22. Bd3 Bh5 23. Be2 Bg6 24. Qc3 Ne5 25. Nxe5 Bxe5 26. Qxe5 Qxe5 27. Bxe5 Rc8 28. Rd7 Bf7 29. Rxc7 Rxc7 30. Bxc7 Rc8 31. Bxb6 Bxc4 32. Bxc4+ Rxc4 33. Bc5 Kf7 34. g3 Ke6 35. Rd1 Ke5 36. f4+ Ke4 37. Rd4+ 1-0

[Event "Zweibruecken PSB-ch HT4 82nd"]
[Site "Zweibruecken"]
[Date "2013.03.24"]
[Round "4"]
[White "Karolewski, Klaus Dieter"]
[Black "Meissner, Erhard"]
[Result "0-1"]
[WhiteElo "1222"]
[BlackElo "1139"]
[PlyCount "33"]
[EventDate "2013.??.??"]
[EventType "swiss"]
[EventRounds "7"]
[EventCountry "GER"]
[SourceTitle "EXT 2014"]
[Source "ChessBase"]
[SourceDate "2013.11.20"]
[SourceVersion "1"]
[SourceVersionDate "2013.11.20"]
[SourceQuality "1"]

1. e4 d6 2. d4 Nf6 3. Nc3 g6 4. h3 Bg7 5. Nf3 0-0 6. Bd3 Nbd7 7. 0-0 Re8 8. Re1 e5 9. Be3 Nb6 10. b3 Nh5 11. Bb5 Rf8 12. Be2 Nf4 13. Bxf4 exf4 14. Qd2 Qf6 15. Nb5 a6 16. Na3 c5 17. c4 0-1

[Event "Zweibruecken PSB-ch HT4 82nd"]
[Site "Zweibruecken"]
[Date "2013.03.23"]
[Round "2"]
[White "Karolewski, Klaus Dieter"]
[Black "Hoeh, Jonas"]
[Result "0-1"]
[WhiteElo "1222"]
[BlackElo "1501"]
[PlyCount "118"]
[EventDate "2013.??.??"]
[EventType "swiss"]
[EventRounds "7"]
[EventCountry "GER"]
[SourceTitle "EXT 2014"]
[Source "ChessBase"]
[SourceDate "2013.11.20"]
[SourceVersion "1"]
[SourceVersionDate "2013.11.20"]
[SourceQuality "1"]

1. e4 c6 2. d4 d5 3. Nc3 dxe4 4. Nxe4 Bf5 5. Bd3 Qxd4 6. Nf3 Qd8 7. 0-0 Nd7 8. Re1 Bxe4 9. Bxe4 Ngf6 10. Bd3 e6 11. b3 Bb4 12. Bd2 Bxd2 13. Qxd2 0-0 14. c4 Nc5 15. Bc2 Qc7 16. h3 Rad8 17. Qe3 Qb6 18. Rab1 Ncd7 19. b4 Qxe3 20. Rxe3 c5 21. b5 Nb6 22. Bd3 Rd6 23. Ne5 Nfd7 24. Nxd7 Rxd7 25. Rg3 Rfd8 26. Be2 Rd2 27. Bf3 R8d7 28. a4 Nxa4 29. Ra1 Nb6 30. Rxa7 Nxc4 31. Ra8+ Rd8 32. Bxb7 Rd1+ 33. Kh2 Rxa8 34. Bxa8 Rd8 35. Bc6 Na5 36. Rc3 c4 37. Ra3 Nxc6 38. bxc6 Rc8 39. Kg3 Kf8 40. Kf4 Rxc6 41. Rc3 Ke7 42. Ke5 f6+ 43. Kd4 Kd6 44. Rxc4 Rxc4+ 45. Kxc4 Ke5 46. Kd3 Kf4 47. Ke2 h5 48. g3+ Kf5 49. Ke3 g5 50. f3 h4 51. g4+ Ke5 52. Kd3 Kf4 53. Ke2 Kg3 54. Ke3 Kxh3 55. Kf2 e5 56. Ke3 Kg3 57. Ke4 h3 58. Kf5 h2 59. Kxf6 h1Q 0-1